Statistics for Origins (Deluxe) Track List - Imagine Dragons

Click here to take the quiz!

General Stats

  • This quiz has been taken 14 times
  • The average score is 12 of 15

Answer Stats

Track #Song Name% Correct
01Natural
92%
03Machine
92%
05Bad Liar
92%
07Zero
92%
13Birds
92%
09Digital
85%
14Burn Out
77%
15Real Life
77%
02Boomerang
69%
04Cool Out
69%
06West Coast
69%
08Bullet in a Gun
69%
10Only
69%
11Stuck
69%
12Love
69%

Score Distribution

Percentile by Number Answered

Percent of People with Each Score

Your Score History

You have not taken this quiz